Handbook of capture-recapture analysis

Αποθηκεύτηκε σε:
Λεπτομέρειες βιβλιογραφικής εγγραφής
Άλλοι συγγραφείς: Amstrup, Steven C. (Επιμελητής έκδοσης), McDonald, Trent L. 1965- (Επιμελητής έκδοσης), Manly, Bryan F. J. 1944- (Επιμελητής έκδοσης)
Μορφή: Βιβλίο
Γλώσσα:English
Δημοσίευση: Princeton, N.J. : Princeton University Press, c2005
Θέματα:
Ετικέτες: Προσθήκη ετικέτας
Δεν υπάρχουν, Καταχωρήστε ετικέτα πρώτοι!

MARC

LEADER 00000nam a2200000 i 4500
001 1/84066
008 080507s2005 eng d
020 |a 978-0-691-08967-6 
020 |a 0-691-08967-1 
035 |l 10097095 
040 |a GR-MY-UA  |b gre  |e aacr 
041 0 |a eng 
082 0 |a 591.788015118  |2 (22) 
245 1 0 |a Handbook of capture-recapture analysis /  |c edited by Steven C. Amstrup, Trent L. McDonald, and Bryan F.J. Manly 
260 |a Princeton, N.J. :   |b Princeton University Press,   |c c2005 
300 |a xviii, 313 σ.;  |b εικ., πίν.;  |c 24 εκ. 
504 |a Βιβλιογραφία: σ. 281-299 
504 |a Ευρετήριο: σ. 303-313 
650 0 0 |a Animal populations  |x Mathematical models. 
700 1 |a Amstrup, Steven C.  |4 edt 
700 1 |a McDonald, Trent L.  |d 1965-  |4 edt 
700 1 |a Manly, Bryan F. J.  |d 1944-  |4 edt 
852 |a INST  |b LESVOS  |e 20080507  |h 591.788015118 HAN  |p 005100038587  |q 005100038587  |t BK  |y 0 
901 |a BIBL1-2008-2 
909 |a Λ  |b 143004 
922 |a 1ΕΛΗ  |b 200712  |c ΕΠΕΑΕΚ2/ΤΠ  |d ΠΑΠΑΣΩΤΗΡΙΟΥ 
970 |a ΓΙΑΛΑΜΑ  |b ΜΑΡΙΑ  |z 2008/05/07